| 000 | 00508nam a2200169Ia 4500 | ||
|---|---|---|---|
| 008 | 240729s9999 xx 000 0 und d | ||
| 022 | _a2704-9906 | ||
| 245 | 0 | _aEuropean Journal of Social Impact and Circular Economy | |
| 260 | _aItaly | ||
| 260 | _bUniversity of Turin | ||
| 650 | _a Economic theory. Demography | ||
| 650 | _a Sociology (General) | Social Sciences | ||
| 650 | _aSocial Sciences | ||
| 856 | _uhttps://doaj.org/toc/992d559023cd4801a8880a703c3743a5 | ||
| 942 | _2ddc | ||
| 942 | _cDOAJEJ | ||
| 999 |
_c69277 _d69277 |
||
| 945 |
_a1 _bMadushi Gamage _c1 _dMadushi Gamage |
||